Score 0/16 Timer 04:00
0 Plays Today
Scrambled Game Show Unscrambled Game Show % Correct
HSCA BCACash Cab
95.4%
ETH CRIPE SI TRIHGThe Price is Right
93.7%
OLEH NI HET LAWLHole in the Wall
93.2%
ELHWE FO NORTEFUWheel of Fortune
92.5%
MEAN AHTT NUETName that Tune
92.4%
MAFYIL UDFEFamily Feud
91.6%
SRSPE OUYR CLKUPress Your Luck
88.9%
YDOJPERAJeopardy!
87.1%
Scrambled Game Show Unscrambled Game Show % Correct
TEH STAKEWE LKINThe Weakest Link
78.3%
EUQTISNO FO PROTSQuestion of Sport
70.1%
DLENOG BSLALGolden Balls
68.2%
TRAMPERKESU PEESWSupermarket Sweep
55.6%
UNTOCWNODCountdown
48.8%
GLOINLingo
39.5%
LYON NNCCTOEOnly Connect
39.3%
EHT RYKTNOP ACFTROThe Krypton Factor
26%

You're not logged in!

Compare scores with friends on all Sporcle quizzes.
OR
Log In

Sporcle TV

Today on Sporcle TV


Watch our educational content, quiz creation guides, and fun videos on Sporcle TV.

Show Comments

Extras

Top Quizzes Today


Score Distribution

Paid Content

Your Account Isn't Verified!

In order to create a playlist on Sporcle, you need to verify the email address you used during registration. Go to your Sporcle Settings to finish the process.

Report this User

Report this user for behavior that violates our Community Guidelines.

Details: